Movies Quiz

Random Movies or Actress Quiz
Score 0/30 Timer 06:00
0 Plays Today
% Correct
Buddy the Elf
95%
Hermione Granger
92.4%
God
92.1%
Katniss Everdeen
89.8%
Muhammad Ali
85.7%
Elle Woods
79.4%
Sarah Marshall
76.9%
Frank Abagnale Jr.
76.2%
Atticus Finch
75%
The Dude
74.9%
Vinny Gambini
73.3%
Coach Herman Boone
73.1%
Prince Akeem
72.4%
Captain Georg Von Trapp
70.8%
Frida Kahlo
69.5%
% Correct
Pee-Wee Herman
69.2%
Regina George
68.7%
Holly Golightly
67.5%
The White Witch
64.5%
Yu Shu Lien
63.2%
Amélie Poulain
62.9%
General Kuribayashi
61.5%
Ernesto Guevara
58%
Uhura
57.4%
Juror #8
57.1%
Motormouth Maybelle
56.5%
Lisbeth Salander
56.2%
Inigo Montoya
55.4%
Minny Jackson
45.4%
Latika
38.4%
Remove Ads.
Support Sporcle.
Get the best of Sporcle when you Go Orange. This ad-free experience offers more features, more stats, and more fun while also helping to support Sporcle. Thank you for becoming a member.

You're not logged in!

Compare scores with friends on all Sporcle quizzes.
OR
Log In

Show Comments

Extras

Top Quizzes Today


Score Distribution

Your Account Isn't Verified!

In order to create a playlist on Sporcle, you need to verify the email address you used during registration. Go to your Sporcle Settings to finish the process.

Report this User

Report this user for behavior that violates our Community Guidelines.

Details: